Religion catholique : la Septuagésime - Statistiques

Statistiques générales
  • Ce quiz a été pris 22 fois
  • Le résultat moyen est 9 sur 16
Statistiques - réponses
Questions Réponses % Correct
Jour de la semaine qui marque le début du temps de la Septuagésime. Un dimanche
100%
Période d'abstinence de quarante jours qui suit directement le temps de la Septuagésime. La Septuagésime en est la préparation. Le carême
90%
Couleur des vêtements liturgiques durant la messe de la Septuagésime. Le violet
85%
Fête célébrée 63 jours après la Septuagésime. Pâques
85%
Être infernal contre lequel S'est battu le Christ pendant Sa vie publique. Le temps de la Septuagésime incite le fidèle à méditer sur la lutte contre cet être et à lutter lui-même. Satan
85%
Célébration qui marque le début de la période précédente et donc la fin du temps de la Septuagésime. Le mercredi des Cendres
65%
Célébration populaire qui ponctue le temps de la Septuagésime. Le Mardi gras
60%
Personnages de l'Ancien Testament dont l'histoire est racontée par la lecture du Bréviaire durant chacune des trois semaines du temps de la Septuagésime. Abraham
50%
Ville antique qui a vu la déportation de l'élite juive de Jérusalem et du royaume de Juda sous le règne de Nabuchodonosor II. La période de 63 jours (si on l'arrondit à 70 jours) entre la Septuagésime et la fête précédente correspond symboliquement au 70 ans de cette captivité dans cette ville décrite dans l'Ancien Testament. Babylone
50%
Assemblée, réunie entre 1962 et 1965, qui a supprimé le temps de la Septuagésime. Le "Concile Vatican II"
50%
Nom donné au jour qui suit précisément d'une semaine la Septuagésime, durant le "temps de la Septuagésime". La Sexagésime
45%
Personnages de l'Ancien Testament dont l'histoire est racontée par la lecture du Bréviaire durant chacune des trois semaines du temps de la Septuagésime. Adam
40%
Nom donné au jour qui suit précisément de deux semaines la Septuagésime, durant le "temps de la Septuagésime". La Quinquagésime
40%
Personnages de l'Ancien Testament dont l'histoire est racontée par la lecture du Bréviaire durant chacune des trois semaines du temps de la Septuagésime. Noé
35%
Saint Pape et Docteur de l'Église (590-604) qui a décrété que l'alléluia ne serait pas chanté lors des messes durant le temps de la Septuagésime. Saint Grégoire le Grand
20%
Auteur français d'origine néerlandaise comme son nom l'indique. Dans son livre "L'Oblat" (1903), il écrivit : "Cette période de tristesse et d’expiation avait été, elle-même, devancée par les mélancoliques semaines de la septuagésime, au début desquelles l’on pratiquait naguère l’abstinence, en ensevelissant l’allègre et le fol alléluia." Joris-Karl Huysmans
10%
Aucun quiz correspondant
Distribution des résultats
% des personnes avec chaque résultat
Percentile par nombre de réponses
Votre historique - résultats
Vous n’avez pas pris ce quiz